Central London starts with a bang (Record no. 82301)

MARC details
000 -LEADER
fixed length control field 00888cam a22001935a 4500
001 - CONTROL NUMBER
control field L149851
008 - FIXED-LENGTH DATA ELEMENTS--GENERAL INFORMATION
fixed length control field 100505e2010 xxk 000 0 eng d
035 ## - SYSTEM CONTROL NUMBER
System control number (Sirsi) u149851
041 0# - LANGUAGE CODE
Language code of text/sound track or separate title eng
110 2# - MAIN ENTRY--CORPORATE NAME
Corporate name or jurisdiction name as entry element Property Week
9 (RLIN) 1549
245 00 - TITLE STATEMENT
Title Central London starts with a bang
260 ## - PUBLICATION, DISTRIBUTION, ETC.
Date of publication, distribution, etc. 2010
490 #0 - SERIES STATEMENT
Series statement Property Week
Volume/sequential designation 76(16) 23 April 2010, 38(1)
520 ## - SUMMARY, ETC.
Summary, etc. PropertyData's first quarter 2010 agents league tables show CB Richard Ellis and Jones Lang LaSalle topping the tables. CB Richard Ellis has more than doubled its business transacted in central London in the first quarter 2010. King Sturge, 2009's industrial investment leader, has had a quieter start to 2010. CB Richard Ellis and Knight Frank have been busiest in the shed sector.
590 ## - LOCAL NOTE (RLIN)
Local note KA
651 #4 - SUBJECT ADDED ENTRY--GEOGRAPHIC NAME
Geographic name United Kingdom
Chronological subdivision
690 ## - LOCAL SUBJECT ADDED ENTRY--TOPICAL TERM (OCLC, RLIN)
Topical term or geographic name as entry element PROPERTY-COMMERCIAL PROPERTY-COMMERCIAL PROPERTY MARKET
942 ## - ADDED ENTRY ELEMENTS (KOHA)
Suppress in OPAC 0
Holdings
Withdrawn status Lost status Source of classification or shelving scheme Damaged status Not for loan Home library Current library Shelving location Date acquired Total Checkouts Full call number Barcode Date last seen Copy number Price effective from Koha item type
    Dewey Decimal Classification     London London Journal article 05/05/2010   L149851 149851-1001 06/08/2019 1 06/08/2019 Journal article